[Event "Gelsenkirchen Koenigsspringer op"]
[Site "Gelsenkirchen"]
[Date "2019.12.29"]
[Round "6"]
[White "Atali, Dodukan"]
[Black "Braeutigam, Martin"]
[Result "1-0"]
[WhiteElo "1785"]
[BlackElo "1569"]
[PlyCount "74"]
[EventDate "2019.12.27"]
[EventType "swiss"]
[EventRounds "7"]
[EventCountry "GER"]
[SourceTitle "CBM 194 Extra"]
[Source "ChessBase"]
[SourceDate "2020.03.31"]
[SourceVersion "1"]
[SourceVersionDate "2020.03.31"]
[SourceQuality "1"]

1. e4 c6 2. Nc3 d5 3. Nf3 dxe4 4. Nxe4 Nd7 5. Bc4 e6 6. d3 Ngf6 7. Bg5 Be7 8. Nxf6+ Nxf6 9. 0-0 0-0 10. a4 h6 11. Bd2 Qc7 12. Re1 b6 13. Qe2 Bb7 14. Bc3 Rfe8 15. Be5 Qd7 16. Bg3 Bd6 17. Be5 Be7 18. Bf4 Nd5 19. Bg3 Bf6 20. c3 Rad8 21. Ne5 Qe7 22. d4 c5 23. Bb5 Rf8 24. dxc5 Bxe5 25. Bxe5 Qxc5 26. Qg4 f6 27. Qxe6+ Kh8 28. Bd4 Qc7 29. Qg4 f5 30. Qh4 Kh7 31. f3 g6 32. Bf1 Qd6 33. Qg3 Qd7 34. c4 Nb4 35. Bxb6 Nc2 36. Bxd8 Nxe1 37. Rxe1 Rxd8 1-0

[Event "Dortmund Sparkassen op 47th"]
[Site "Dortmund"]
[Date "2019.07.14"]
[Round "2"]
[White "Atali, Dodukan"]
[Black "Koschetzki, Christian"]
[Result "1/2-1/2"]
[WhiteElo "1734"]
[BlackElo "1987"]
[PlyCount "73"]
[EventDate "2019.07.13"]
[EventType "swiss"]
[EventRounds "9"]
[EventCountry "GER"]
[SourceTitle "EXT 2020"]
[Source "ChessBase"]
[SourceDate "2019.10.17"]
[SourceVersion "1"]
[SourceVersionDate "2019.10.17"]
[SourceQuality "1"]

1. e4 c5 2. Nf3 g6 3. c4 Bg7 4. d4 cxd4 5. Nxd4 Nc6 6. Be3 Nf6 7. Nc3 Qb6 8. Ne6 Qxb2 9. Nc7+ Kd8 10. Na4 Qe5 11. Nxa8 Nxe4 12. Bd3 Qxa1 13. Qxa1 Bxa1 14. Bxe4 b6 15. Bxc6 dxc6 16. 0-0 Be5 17. Rd1+ Ke8 18. f4 Bb8 19. Rb1 Bf5 20. Rb2 f6 21. Nc5 Kf7 22. Na6 Bxf4 23. Bxf4 Rxa8 24. Nb4 e5 25. Be3 Be4 26. c5 b5 27. Na6 Rd8 28. Rd2 Ke7 29. Rxd8 Kxd8 30. a3 Kd7 31. Bd2 Ke6 32. Nc7+ Kd7 33. Ba5 f5 34. Kf2 g5 35. Na6 Ke6 36. Nc7+ Kd7 37. Na6 1/2-1/2

[Event "Gelsenkirchen Silvester op 6th"]
[Site "Gelsenkirchen"]
[Date "2018.12.28"]
[Round "3"]
[White "Seppelfricke, Guido"]
[Black "Atali, Dodukan"]
[Result "1/2-1/2"]
[WhiteElo "1909"]
[BlackElo "1654"]
[PlyCount "120"]
[EventDate "2018.12.27"]
[EventType "swiss"]
[EventRounds "7"]
[EventCountry "GER"]
[SourceTitle "CBM 188 Extra"]
[Source "ChessBase"]
[SourceDate "2019.02.26"]
[SourceVersion "1"]
[SourceVersionDate "2019.02.26"]
[SourceQuality "1"]

1. e4 e6 2. d4 d5 3. exd5 exd5 4. Nf3 Bd6 5. c3 Ne7 6. Bd3 h6 7. Nbd2 0-0 8. 0-0 Bf5 9. Bxf5 Nxf5 10. Qb3 b6 11. Re1 c6 12. Nf1 Qc7 13. Bd2 Nd7 14. Qc2 Ne7 15. Nh4 Rfe8 16. Nf5 Nxf5 17. Qxf5 Nf8 18. g3 Qd7 19. Qh5 Nh7 20. Ne3 Nf6 21. Qh4 Ne4 22. Rad1 Be7 23. Qh5 g6 24. Qf3 Nxd2 25. Rxd2 Bf8 26. Rde2 Bg7 27. Kg2 Re7 28. Ng4 Rae8 29. Rxe7 Rxe7 30. Rxe7 Qxe7 31. Qe3 Qxe3 32. Nxe3 Kf8 33. f4 f6 34. f5 Kf7 35. g4 g5 36. Kf3 b5 37. b3 Ke7 38. Ke2 a5 39. Kd3 Bf8 40. a4 bxa4 41. bxa4 Kd7 42. c4 Kd6 43. c5+ Kd7 44. Nf1 Be7 45. Ng3 Ke8 46. Ne2 Bd8 47. Nc3 Kd7 48. Ke3 Be7 49. h3 Bd8 50. Kd3 Bc7 51. Nd1 Bd8 52. Ne3 Bc7 53. Ng2 Bd8 54. h4 Bc7 55. hxg5 hxg5 56. Ne3 Bb8 57. Nd1 Bc7 58. Nc3 Bd8 59. Kc2 Bc7 60. Kb3 Bb8 1/2-1/2

[Event "Gelsenkirchen Silvester op 6th"]
[Site "Gelsenkirchen"]
[Date "2018.12.27"]
[Round "1"]
[White "Quast, Marcel"]
[Black "Atali, Dodukan"]
[Result "1-0"]
[WhiteElo "2222"]
[BlackElo "1654"]
[PlyCount "47"]
[EventDate "2018.12.27"]
[EventType "swiss"]
[EventRounds "7"]
[EventCountry "GER"]
[SourceTitle "CBM 188 Extra"]
[Source "ChessBase"]
[SourceDate "2019.02.26"]
[SourceVersion "1"]
[SourceVersionDate "2019.02.26"]
[SourceQuality "1"]

1. e4 e6 2. d4 d5 3. Nd2 c5 4. Ngf3 Nf6 5. e5 Nfd7 6. c3 Nc6 7. Bd3 Be7 8. 0-0 0-0 9. Re1 b6 10. Nf1 Re8 11. Ng3 Nf8 12. Be3 Bb7 13. Rc1 Rc8 14. Qe2 Ng6 15. a3 c4 16. Bb1 Na5 17. Nd2 Bg5 18. Rf1 Bxe3 19. fxe3 Qd7 20. Rf2 Rf8 21. Rcf1 Rc7 22. Qh5 Bc6 23. Nf3 h6 24. Ng5 1-0